|
|
|
|
| LEADER |
01371nam a2200397Ia 4500 |
| 001 |
EBC958318 |
| 003 |
MiAaPQ |
| 005 |
20200520144314.0 |
| 006 |
m o d | |
| 007 |
cr cn||||||||| |
| 008 |
110224s2012 enka sb 001 0 eng d |
| 010 |
|
|
|z 2011007327
|
| 020 |
|
|
|z 0415618959
|
| 020 |
|
|
|z 0415618967
|
| 020 |
|
|
|z 9780415618953
|
| 020 |
|
|
|z 9780415618960
|
| 020 |
|
|
|z 9781136651281
|
| 035 |
|
|
|a (MiAaPQ)EBC958318
|
| 035 |
|
|
|a (Au-PeEL)EBL958318
|
| 035 |
|
|
|a (CaPaEBR)ebr10534925
|
| 035 |
|
|
|a (CaONFJC)MIL346251
|
| 035 |
|
|
|a (OCoLC)798532207
|
| 040 |
|
|
|a MiAaPQ
|c MiAaPQ
|d MiAaPQ
|
| 050 |
|
4 |
|a HD38.5
|b .L55 2012
|
| 082 |
0 |
4 |
|a 658.7
|2 22
|
| 100 |
1 |
|
|a Liu, John J.,
|d 1951-
|
| 245 |
1 |
0 |
|a Supply chain management and transport logistics
|h [electronic resource] /
|c John J. Liu.
|
| 260 |
|
|
|a Milton Park, Abingdon, Oxon ;
|a New York :
|b Routledge,
|c 2012.
|
| 300 |
|
|
|a xxv, 530 p. :
|b ill.
|
| 504 |
|
|
|a Includes bibliographical references and index.
|
| 533 |
|
|
|a Electronic reproduction. Ann Arbor, MI : ProQuest, 2015. Available via World Wide Web. Access may be limited to ProQuest affiliated libraries.
|
| 650 |
|
0 |
|a Business logistics.
|
| 650 |
|
0 |
|a Shipment of goods.
|
| 655 |
|
4 |
|a Electronic books.
|
| 710 |
2 |
|
|a ProQuest (Firm)
|
| 856 |
4 |
0 |
|u https://ebookcentral.proquest.com/lib/matrademy/detail.action?docID=958318
|z Click to View
|